Ľudské zdroje podniku ako zdroj konkurenčnej výhody podniku bakalárska práca

Guardado en:
Detalles Bibliográficos
Autor principal: Zvolenská, Patrícia
Autor Corporativo: Fakulta podnikového manažmentu EU. Katedra podnikovohospodárska
Otros Autores: Grančičová, Katarína, 1967-
Formato: Libro
Lenguaje:eslovaco
Publicado: Bratislava 2023
Etiquetas: Agregar Etiqueta
Sin Etiquetas, Sea el primero en etiquetar este registro!

MARC

LEADER 00000nbm a2200000 4500
001 0293555
005 20240219134257.8
041 0 |a slo 
044 |a SK 
245 1 0 |a Ľudské zdroje podniku ako zdroj konkurenčnej výhody podniku  |b bakalárska práca  |c Patrícia Zvolenská ; školiteľ: Katarína Grančičová 
264 1 |a Bratislava  |c 2023 
300 |a 58 s. 
100 1 |a Zvolenská, Patrícia 
700 1 |a Grančičová, Katarína, 1967- 
710 2 |a Fakulta podnikového manažmentu EU. Katedra podnikovohospodárska